书目信息 |
| 题名: |
非线性化学
|
|
| 作者: | 辛厚文 著 | |
| 分册: | ||
| 出版信息: | 合肥 中国科学技术大学出版社 1999.08 |
|
| 页数: | 320页 | |
| 开本: | 16开 | |
| 丛书名: | ||
| 单 册: | ||
| 中图分类: | O6 | |
| 科图分类: | ||
| 主题词: | 化学 | |
| 电子资源: | ||
| ISBN: | 7-312-01111-X | |
| 000 | 00526nam0 2200193 45 | |
| 001 | 0008081510 | |
| 005 | 20000808160004.9 | |
| 010 | @a7-312-01111-X@d16.00元 | |
| 100 | @a20000808d1999 km y0chiy0120 ea | |
| 101 | 0 | @achi |
| 105 | @a z 000yy | |
| 200 | 1 | @a非线性化学@AFei Xian Xing Hua Xue@f辛厚文著@FXin Hou Wen Zhu |
| 210 | @a合肥@c中国科学技术大学出版社@d1999.08 | |
| 215 | @a320页@d16开 | |
| 606 | 0 | @a化学 |
| 690 | @aO6@v3 | |
| 701 | 0 | @a辛厚文@4著 |
| 801 | @aCN@bPftUser@c20000808 | |
| 905 | @b93466-470@dO6@eX862@f5 | |
| 非线性化学/辛厚文著.-合肥:中国科学技术大学出版社,1999.08 |
| 320页;16开 |
| ISBN 7-312-01111-X:16.00元 |
| ● |
| 相关链接 |
|
|
|
正题名:非线性化学
索取号:O6/X862
 
预约/预借
| 序号 | 登录号 | 条形码 | 馆藏地/架位号 | 状态 | 备注 |
| 1 | 93466 | 200934668 | 自科二线504/504自科库 50排1列6层/ [索取号:O6/X862] | 在馆 | |
| 2 | 93467 | 200934677 | 自科二线504/504自科库 50排2列1层/ [索取号:O6/X862] | 在馆 | |
| 3 | 93468 | 200934686 | 自科库401/401自科库 60排3列1层/ [索取号:O6/X862] | 在馆 | |
| 4 | 93469 | 200934695 | 自科二线504/504自科库 50排1列6层/ [索取号:O6/X862] | 在馆 | |
| 5 | 93470 | 200934702 | 自科库401/401自科库 60排3列1层/ [索取号:O6/X862] | 在馆 |